000 00690pam a2200205 a 4500
001 2123686
005 20260304162311.0
008 970320s1997 nyu b 001 0 eng
020 _a1570751390
_qpbk. : alk. paper
020 _a9781570751394
_q(pbk. : alk. paper)
050 0 0 _aBT28
_b.O65 1997
082 0 0 _a230/.09/04
_221
100 1 _aOrmerod, Neil.
245 1 0 _aIntroducing contemporary theologies :
_bthe what and the who of theology today /
_cNeil Ormerod.
250 _aEnl. and rev.
260 _aMaryknoll, N.Y. :
_bOrbis Books,
_cc1997.
300 _avi, 218 p. ;
_c23 cm.
650 0 _aTheology, Doctrinal
_xHistory
_y20th century.
942 _2lcc
_cBK
_eEnlarged and revised
_n0
999 _c8882
_d8882